Statistiques concernant Les joueurs ayant joué avec Messi et Ronaldo

Cliquez ici pour prendre le quiz!

Statistiques générales

  • Ce quiz a été pris 3 521 fois
    (2 457 depuis la dernière actualisation)
  • Le résultat moyen est 9 sur 23

Statistiques - réponses

Joueur% Correct
Angel di MariaRéal Madrid, Argentine et PSG
92%
Sergio RamosRéal Madrid et PSG
69%
Nuno MendesPortugal et PSG
66%
Paulo DybalaJuventus et Argentine
64%
Danilo PereiraPortugal et PSG
63%
Gerard PiquéManchester United et Barcelone
60%
Gonzalo HiguainRéal Madrid et Argentine
55%
VitinhaPortugal et PSG
55%
ArthurBarcelone et Juventus
48%
Nelson SemedoPortugal et Barcelone
48%
Keylor NavasRéal Madrid et PSG
44%
Achraf HakimiRéal Madrid et PSG
42%
Miralem PjanicJuventus et Barcelone
39%
Andre GomesPortugal et Barcelone
34%
Lisandro MartinezManchester United et Argentine
33%
Renato SanchesPortugal et PSG
32%
Carlos TevezManchester United et Argentine
31%
DecoPortugal et Barcelone
23%
Francisco TrincaoPortugal et Barcelone
14%
Gabriel HeinzeManchester United et Argentine
9%
Fernando GagoRéal Madrid et Argentine
7%
Ezequiel GarayRéal Madrid et Argentine
5%
Henrik LarssonManchester United et Barcelone
2%

Distribution des résultats

Percentile par nombre de réponses

% des personnes avec chaque résultat

Votre développement - résultats

Vous n’avez pas pris ce quiz depuis la dernière actualisation